<?xml version="1.0" encoding="UTF-8"?>
<record
    xmlns:xsi="http://www.w3.org/2001/XMLSchema-instance"
    xsi:schemaLocation="http://www.loc.gov/MARC21/slim http://www.loc.gov/standards/marcxml/schema/MARC21slim.xsd"
    xmlns="http://www.loc.gov/MARC21/slim">

  <leader>02480nka a2200409 i 4500</leader>
  <controlfield tag="001">102913</controlfield>
  <controlfield tag="003">ES-MaACL</controlfield>
  <controlfield tag="005">20250821063036.0</controlfield>
  <controlfield tag="007">t|</controlfield>
  <controlfield tag="008">051219e1808    sp f   |     |r||1c|spa  </controlfield>
  <datafield tag="100" ind1="1" ind2=" ">
    <subfield code="a">Selma, Fernando,</subfield>
    <subfield code="d">1752-1810</subfield>
    <subfield code="e">egr</subfield>
    <subfield code="9">157690</subfield>
  </datafield>
  <datafield tag="245" ind1="1" ind2="4">
    <subfield code="a">[El Pasmo de Sicilia]</subfield>
    <subfield code="h">[Material gr&#xE1;fico] / </subfield>
    <subfield code="c">Rafael de Urbino lo pint&#xF3; ; Josef Camaron lo dibux&#xF3; ; Fernando Selma lo grab&#xF3; en Madrid a&#xF1;o de 1808</subfield>
  </datafield>
  <datafield tag="260" ind1=" " ind2=" ">
    <subfield code="a">[Madrid : </subfield>
    <subfield code="b">Se halla en la Real Calcograf&#xED;a, </subfield>
    <subfield code="c">1808]</subfield>
  </datafield>
  <datafield tag="300" ind1=" " ind2=" ">
    <subfield code="a">1 estampa : </subfield>
    <subfield code="b">grabado calcogr&#xE1;fico ; </subfield>
    <subfield code="c">603 x 402 mm</subfield>
  </datafield>
  <datafield tag="490" ind1="1" ind2=" ">
    <subfield code="a">Colecci&#xF3;n facticia de grabados ;</subfield>
    <subfield code="v">1</subfield>
    <subfield code="9">184692</subfield>
  </datafield>
  <datafield tag="500" ind1=" " ind2=" ">
    <subfield code="a">Inscripci&#xF3;n: "Encuentro de Jesus con su Madre quando le conducian al Calvario. Quado c&#xE9;lebre de Rafael de Urbino, llamado vulgarmente El Pasmo de Sicilia."</subfield>
  </datafield>
  <datafield tag="520" ind1=" " ind2=" ">
    <subfield code="a">Ca&#xED;da de Jes&#xFA;s en su camino hacia el Calvario, rodeado de soldados, y al lado se ve a Mar&#xED;a y a las Santas Mujeres</subfield>
    <subfield code="b">Grabado de la "Ca&#xED;da en el camino del Calvario", conocida como "El Pasmo de Sicilia", obra pintada por Rafael hacia 1517 y conservada en el Museo del Prado. Representa a Jes&#xFA;s ca&#xED;do bajo la cruz camino del Calvario, rodeado de soldados y sayones, de las Santas Mujeres y de san Juan. Se trata de una extraordinaria muestra de la habilidad del dibujante Jos&#xE9; Camar&#xF3;n y del grabador Fernando Selma</subfield>
  </datafield>
  <datafield tag="530" ind1=" " ind2=" ">
    <subfield code="a">Disponible en formato digital </subfield>
  </datafield>
  <datafield tag="594" ind1=" " ind2=" ">
    <subfield code="5">T&#xED;tulo del cuadro de Rafael: "Ca&#xED;da en el camino del Calvario"</subfield>
  </datafield>
  <datafield tag="600" ind1="0" ind2="4">
    <subfield code="a">Jesucristo-</subfield>
    <subfield code="x">Pasi&#xF3;n</subfield>
    <subfield code="9">66375</subfield>
  </datafield>
  <datafield tag="600" ind1="0" ind2="4">
    <subfield code="a">Virgen Mar&#xED;a</subfield>
    <subfield code="9">115436</subfield>
  </datafield>
  <datafield tag="600" ind1="0" ind2="7">
    <subfield code="a">Juan Evangelista,</subfield>
    <subfield code="c">Santo</subfield>
    <subfield code="2">embne</subfield>
    <subfield code="9">241971</subfield>
  </datafield>
  <datafield tag="650" ind1=" " ind2="7">
    <subfield code="a">V&#xED;a crucis</subfield>
    <subfield code="2">embne</subfield>
    <subfield code="9">17772</subfield>
  </datafield>
  <datafield tag="655" ind1=" " ind2="7">
    <subfield code="a">Grabados calcogr&#xE1;ficos</subfield>
    <subfield code="2">tgfbne</subfield>
    <subfield code="9">241761</subfield>
  </datafield>
  <datafield tag="655" ind1=" " ind2="7">
    <subfield code="a">Grabados</subfield>
    <subfield code="2">tgfbne</subfield>
    <subfield code="9">226846</subfield>
  </datafield>
  <datafield tag="655" ind1=" " ind2="4">
    <subfield code="a">Reproducciones de obras de arte</subfield>
    <subfield code="9">241931</subfield>
  </datafield>
  <datafield tag="700" ind1="0" ind2=" ">
    <subfield code="a">Raffaello,</subfield>
    <subfield code="d">1483-1520</subfield>
    <subfield code="e">art</subfield>
    <subfield code="9">94962</subfield>
  </datafield>
  <datafield tag="700" ind1="1" ind2=" ">
    <subfield code="a">Camar&#xF3;n Bonanat, Jos&#xE9;,</subfield>
    <subfield code="d">1731-1803</subfield>
    <subfield code="e">drm</subfield>
    <subfield code="9">153327</subfield>
  </datafield>
  <datafield tag="710" ind1="2" ind2=" ">
    <subfield code="a">Calcograf&#xED;a de la Imprenta Real</subfield>
    <subfield code="e">edt</subfield>
    <subfield code="9">241806</subfield>
  </datafield>
  <datafield tag="830" ind1=" " ind2="0">
    <subfield code="a">Colecci&#xF3;n facticia de grabados ;</subfield>
    <subfield code="v">1</subfield>
    <subfield code="9">184692</subfield>
  </datafield>
  <datafield tag="852" ind1="4" ind2=" ">
    <subfield code="a">ES-MaACL</subfield>
    <subfield code="c">DEPO2</subfield>
    <subfield code="j">GF-2(1)</subfield>
  </datafield>
  <datafield tag="856" ind1="4" ind2=" ">
    <subfield code="u">https://bdh-rd.bne.es/viewer.vm?id=0000151822&amp;page=1</subfield>
    <subfield code="y">Versi&#xF3;n en l&#xED;nea </subfield>
    <subfield code="z">(Biblioteca Digital Hisp&#xE1;nica)</subfield>
  </datafield>
  <datafield tag="856" ind1="4" ind2=" ">
    <subfield code="u">https://dadun.unav.edu/entities/publication/8254cda0-cf1b-4001-96a5-8465380d8716</subfield>
    <subfield code="y">Versi&#xF3;n en l&#xED;nea </subfield>
    <subfield code="z">(Dep&#xF3;sito acad&#xE9;mico digital de la Universidad de Navarra)</subfield>
  </datafield>
  <datafield tag="942" ind1=" " ind2=" ">
    <subfield code="2">udc</subfield>
    <subfield code="c">DIBGRB</subfield>
    <subfield code="n">0</subfield>
  </datafield>
  <datafield tag="999" ind1=" " ind2=" ">
    <subfield code="c">102913</subfield>
    <subfield code="d">102913</subfield>
  </datafield>
  <datafield tag="952" ind1=" " ind2=" ">
    <subfield code="0">0</subfield>
    <subfield code="1">0</subfield>
    <subfield code="2">udc</subfield>
    <subfield code="4">0</subfield>
    <subfield code="7">0</subfield>
    <subfield code="8">Colecci&#xF3;n_digital</subfield>
    <subfield code="a">ATENEOM</subfield>
    <subfield code="b">ATENEOM</subfield>
    <subfield code="c">DEPO2</subfield>
    <subfield code="d">2008-01-17</subfield>
    <subfield code="l">0</subfield>
    <subfield code="o">GF-2(1)</subfield>
    <subfield code="p">1107449</subfield>
    <subfield code="r">2023-02-23 00:00:00</subfield>
    <subfield code="y">DIBGRB</subfield>
  </datafield>
</record>
